00225nam a2200097 4500082001400000100001400014245004400028260002500072300000700097490002300104 a542.1 YOU aR.R.Youno aDesign and Construction of Laboratories aLondonbR.I.C.c1962 a14 aLecture Series No3